[Event "Tokyo Summer op"]
[Site "Tokyo"]
[Date "2018.07.16"]
[Round "5"]
[White "Kobayashi, Atsuhiko"]
[Black "Ishikawa, Taichi"]
[Result "1-0"]
[WhiteElo "2258"]
[BlackElo "1341"]
[PlyCount "77"]
[EventDate "2018.07.15"]
[EventType "swiss"]
[EventRounds "6"]
[EventCountry "JPN"]
[SourceTitle "EXT 2019"]
[Source "ChessBase"]
[SourceDate "2018.10.10"]
[SourceVersion "1"]
[SourceVersionDate "2018.10.10"]
[SourceQuality "1"]

1. d4 Nf6 2. c4 e6 3. Nf3 b6 4. g3 Bb7 5. Bg2 d5 6. cxd5 exd5 7. Qa4+ c6 8. Ne5 Bd6 9. Bg5 0-0 10. 0-0 h6 11. Bf4 Re8 12. Nc3 Nh5 13. e4 Nxf4 14. gxf4 dxe4 15. Nxe4 Bc7 16. Qc4 Re7 17. Rad1 Ba6 18. Qc2 Bxf1 19. Kxf1 Bxe5 20. dxe5 Rd7 21. Nd6 a6 22. Bh3 c5 23. Bxd7 Qxd7 24. Qf5 Qxf5 25. Nxf5 Nc6 26. Rd6 Rc8 27. Rxc6 Rxc6 28. Ne7+ Kf8 29. Nxc6 Ke8 30. b4 Kd7 31. Nb8+ Ke6 32. bxc5 bxc5 33. Nxa6 c4 34. Ke2 Kd5 35. Ke3 g5 36. Nb4+ Kc5 37. Nc2 gxf4+ 38. Kxf4 c3 39. Ke4 1-0